000 00350nam a2200145Ia 4500
008 221030s9999 xx 000 0 und d
020 _a8121920590
041 _aEnglish
100 _aD. S. Hira
245 0 _aSystem Simulation
_cby D. S. Hira
260 _bS. Chand & Co.
_aNew Delhi
_c2015
300 _a296
650 _aBE Computer
942 _cBK
999 _c17163
_d17163